Nové formy jazykovej výučby manažérov

Enregistré dans:
Détails bibliographiques
Auteur principal: Prividiová, Eva, 1952-
Format: Chapitre de livre
Langue:slovaque
Tags: Ajouter un tag
Pas de tags, Soyez le premier à ajouter un tag!

MARC

LEADER 00000naa$a2200000$$$4500
001 0060590
005 20240502071654.5
041 0 |a slo 
044 |a SK 
245 1 0 |a Nové formy jazykovej výučby manažérov  |c Eva Prividiová 
100 1 |a Prividiová, Eva, 1952-